000 00496nam a2200169Ia 4500
008 240729s9999 xx 000 0 und d
022 _a2452-3364
245 0 _aJournal of Oncological Sciences
260 _aTürkiye
260 _bTurkiye Klinikleri
650 _a Internal medicine
650 _a Neoplasms. Tumors. Oncology. Including cancer and carcinogens
650 _aMedicine
856 _uhttps://doaj.org/toc/0f603806ee1a4888859465bd2640465c
942 _2ddc
942 _cDOAJEJ
999 _c66578
_d66578
945 _a1
_bMadushi Gamage
_c1
_dMadushi Gamage